Quizzes
Events
Quiz Creation
Community
Videos
Private Events
Remove Ads
Sign In
Join for FREE
Feedback
Dark Mode
Quiz Categories
Sports
Geography
Music
Movies
Television
Just For Fun
Miscellaneous
History
Literature
Language
Science
Gaming
Entertainment
Religion
Holiday
For Kids
Quiz Lab
Recent
Popular Today
Quiz Kudos Today
Editor Picks
Curator Picks
Quizzes by...
Day
Popularity
Type
Ratings
Length
Year
Community
Subscriptions
Recent Discussions
Orange Saloon
Badges
Playlists
Quests
Create
Leaderboards
Showdown
Live 5
Trivia Bingo
Activity
Puzzle Library
Sporcle Events
Private Events
Virtual Trivia
Globe League
Become a Host
Pub Owners
SporcleCon
Opinionation
Our Games
Videos
Blog
Mobile Apps
Partnerships
Remove Ads and Go Orange
Feedback
Sports
Athletes
MLB
NBA
NHL
NFL
Soccer
Sports Teams
WWE
NCAA
Football
Premier League
Basketball
Baseball
Hockey
Golf
Tennis
Cricket
Rugby
Auto Racing
Olympics
World Cup
Sports
Athletes
MLB
NBA
NHL
NFL
Soccer
Sports Teams
WWE
NCAA
Football
Premier League
Basketball
Baseball
Hockey
Golf
Tennis
Cricket
Rugby
Auto Racing
Olympics
World Cup
Random Quiz
Search Sporcle
×
Quiz Lab
Quiz Lab
Sports
Tournament Champions
Type in answers that appear in a list
Type in answers that appear in a list
Classic
Best Score? Go Orange.
2011-12 Conference Tournament Champions Stats
Can you name the 2011-12 Conference Tournament Champions?
By
McMurdie24
10m
31 Questions
20 Plays
20 Plays
20 Plays
Comments
Comments
Give Quiz Kudos
Give Quiz Kudos
-
- Ratings
hide this ad
Replay
Link that replays current quiz
Next Quiz
Link to next quiz in quiz playlist
You Got
0%
They Got
Avg Score
53%
Avg Friend Score
Upgrade to see
Score Distribution
Jump to the score distribution portion of the page
Score
0/31
Timer
10:00
0
Plays Today
Conference
School
% Correct
Atlantic Coast Conference
Florida State
90%
Big Ten Conference
Michigan State
90%
Colonial Athletic Association
Virginia Commonwealth University
80%
America East Conference
Vermont
75%
Big 12 Conference
Missouri
75%
Big East Conference
Louisville
75%
Conference USA
Memphis
75%
Pacific-
12 Conference
Colorado
70%
West Coast Conference
Saint Mary's
70%
Big Sky Conference
Montana
65%
Southeastern Conference
Vanderbilt
65%
Mid-
American Conference
Ohio
60%
Missouri Valley Conference
Creighton
60%
Mountain West Conference
New Mexico
55%
Big West Conference
Long Beach State
50%
Ohio Valley Conference
Murray State
50%
Conference
School
% Correct
Atlantic Sun Conference
Belmont
45%
Big South Conference
UNC-Asheville
45%
Southern Conference
Davidson
45%
Atlantic 10 Conference
St. Bonaventure
40%
Horizon League
Detroit
40%
Patriot League
Lehigh
40%
Sun Belt Conference
Western Kentucky
40%
The Summit League
South Dakota State
40%
Western Athletic Conference
New Mexico State
40%
Great West Conference
North Dakota
35%
Southland Conference
Lamar
35%
Mid-
Eastern Athletic Conference
Norfolk State
30%
Northeast Conference
LIU-Brooklyn
30%
Metro Atlantic Athletic Conference
Loyola(MD)
25%
Southwestern Athletic Conference
Mississippi Valley State
20%
Quiz Playlist
Details
Report
Send in Message
Add To Playlist
Classic:
Type in answers that appear in a list
Quiz Source
Last Updated: Feb 16, 2017
Quiz Scoreboard
CHALLENGE
Sign Up to Join the Scoreboard
Show All
Scores
Hide
Comments
May contain spoilers
Recently Published
An Introduction to Baseball
by treessimontrees
Sports
5m
Movies - When Are They Set?
by FPL_Elf
Movies
5m
Popular People in 1961
by mucciniale
History
6m
More to Explore
Quiz From the Vault
Featured Blog Post
Where Did the Easter Bunny Come From?
hide this ad
You Might Also Like...
Tags
champion
Conference
Defeated
school
Tournament
Tournament Champions
Today's Top Quizzes in Sports
Browse Sports
hide this ad
Today's Top Quizzes in Tournament Champions
Browse Tournament Champions
Top Contributed Quizzes in Sports
1
Les meilleurs buteurs des matchs entre le PSG et l’OM
2
2022 World Cup Stars
3
FIFA Club World Cup Champions
4
Les entraîneurs de l'OM et du PSG au 21e siècle
5
Name the Premier League winners with different clubs
6
La finale Lions - Afrique du Sud 2021
7
Les joueurs passés par le LOSC et le RC Lens
8
Criteria MLB: Left Handed Sluggers
9
Players with Multiple 50 Home Run Seasons
10
5-to-1: UK Sports Teams
Explore More
Trending Topics
Marvel
Harry Potter
NBA
Crossword
Kpop
Anime
Disney
Song
The Office
Soccer
Puzzle
Pokémon
Country
NFL
WWE
hide this ad
More By:
McMurdie24
Quiz
Plays
Rating
Category
Featured
Created
Most Popular Destinations From JFK International
656
3.83
Geography
Mar 24, 2013
Air Canada Destinations
366
4.25
Geography
Mar 21, 2013
Toronto Pearson Airport Destinations (Canada)
344
4.00
Geography
Nov 6, 2012
Toronto Pearson Airport Destinations (USA)
320
4.00
Geography
Nov 6, 2012
World's Safest and Most Dangerous Airlines
212
2.00
Geography
May 25, 2013
Go to Creator's Profile
Score Distribution
Quiz Creator Spotlight
McMurdie24
Follow
Send a Message
Quizzes Created
-
Created Quiz Play Count
-
More By This Creator
Popular Quizzes Today
1
Find the Countries of Europe - No Outlines Minefield
2
Find the US States - No Outlines Minefield
3
The Countries of the World
4
Popular People in 1961
5
US States
6
Find the US States
7
1-10 Letter E Words III
8
Risky Map Clicking: Biggest States A-Z
More Sports Quizzes
Pick 5 in 15: MLB Teams
Published
Trending Quizzes
Risky Map Clicking: Least Populous States A-Z
1-10 Letter F Words
1-10 Letter G Words
One Thing in Common: United Kingdom
Risky Map Clicking: Next State Alphabetically
Recently Updated
Leaping Animals
pecheneg
Reality TV Shows (A-Z)
bhenderson79
Rickey Henderson's Hall of Fame Teammates
pecheneg
Champions League XIs: Arsenal
pecheneg
Quick Pick: Celebrities in WWE's Hall of Fame
aduchscher
A-Z Keypad Blitz II
pecheneg
Multiple Oscar Actors
pecheneg
Mystery Phrase Blitz: Oscar 'Best Actors'
pecheneg
F. Scott Fitzgerald Novels
LTH
Pick 3 Villains
ddd62291
Trending Topics
Disney
Marvel
Anime
Harry Potter
Crossword
NBA
Kpop
NFL
Puzzle
The Office
Soccer
Country
Song
Pokémon
WWE
Your Account Isn't Verified!
In order to create a playlist on Sporcle, you need to verify the email address you used during registration. Go to your
Sporcle Settings
to finish the process.
Report this User
Report this user for behavior that violates our
Community Guidelines
.
Details:
Send Report
Go to the Sporcle.com Mobile Site →
Comments